000 00735nam a2200193 i 4500
001 99038
003 ES-MaACL
005 20250707040004.0
007 t|
008 051110s1914 xxk ||||1| eng d
100 1 _aEnock, C. Reginald.
_947255
245 1 0 _aMexico
_b: its ancient and modern civilisation, history, and political conditions, topography and natural resources industries and general development... /
_cby C. Reginald Enock ; with and introduction by Martin Hume...
260 _aLondon :
_bT. Fisher,
_c[1914]
300 _aXXXVI, 362 p., 1 map., 25 lám. ;
_c23 cm.
651 4 _aMéxico-
_xDescripción.
_99061
700 1 _aHume, Martin,
_d1847-1910
_964726
852 _aES-MaACL
_jG-4756
999 _c99038
_d99038